000 00951nam a2200217 i 4500
001 98080
003 ES-MaACL
005 20250604062626.0
007 t|
008 050721s1923 sp |||| | spa d
100 1 _aMárquez, Benito.
_977000
245 1 4 _aLas Juntas Militares de la Defensa
_b: organización, actuación, derivaciones políticas e internacionales, negocios de la guerra, la revolución en Cataluña y Asturias : conminación de abdicación formulada por Inglaterra : otros aspectos interesantes de la emoción revolucionaria de 1917 /
_cex coronel Márquez y J.M. Capo.
260 _aBarcelona :
_bLibrería Sintes,
_c1923 (
_fImp. Clarasó)
300 _a271 p. ;
_c20 cm.
651 4 _aEspaña-
_xPolítica militar-
_yS.XX.
_98435
651 4 _aEspaña-
_xHistoria-
_y1902-1931, Alfonso XIII
_98276
700 1 _aCapo, José María.
_9169591
852 _aES-MaACL
_jB-12272
852 _aES-MaACL
_jE-10309
999 _c98080
_d98080